| 000 | 01442nam a2200421.c 4500 | ||
|---|---|---|---|
| 001 | 52127 | ||
| 003 | ES-MaCES | ||
| 005 | 20250203133800.0 | ||
| 008 | 220222s2022 ge ||||| |||||||||||eng|d | ||
| 020 | _a9783110681123 | ||
| 040 |
_aES-MaCES _bspa _cES-MaCES _dES-MaCES |
||
| 100 | 1 |
_940198 _aPustisek, Matevz |
|
| 245 | 1 | 0 |
_aBlockchain _b: technology and applications for industry 4.0, smart energy, and smart cities _cMatevz Pustisek, Natasa Zivic, Andrej Kos |
| 260 |
_aBerlin _bWalter de Gruyter GmbH _c[2022] |
||
| 300 |
_aXII, 159 p. _c24 cm |
||
| 500 | _aLa autorías contiene caracteres irreproducibles por el centro catalogador | ||
| 500 | _aÍndices | ||
| 541 | _cCompra | ||
| 650 | 4 |
_930788 _anuevas tecnologías |
|
| 650 | 4 |
_930104 _atecnología de la información |
|
| 650 | 4 |
_930572 _aInternet |
|
| 650 | 4 |
_930575 _aprotocolo de red |
|
| 650 | 4 |
_930732 _aevaluación del impacto |
|
| 650 | 4 |
_927269 _asociedad |
|
| 650 | 4 |
_927286 _acambio social |
|
| 650 | 4 |
_930015 _asector económico |
|
| 650 | 4 |
_927618 _asector industrial |
|
| 650 | 4 |
_928016 _atransportes |
|
| 650 | 4 |
_927855 _aindustria de vehículos a motor |
|
| 650 | 4 |
_931014 _aindustria energética |
|
| 650 | 4 |
_928620 _aplanificación urbana |
|
| 650 | 4 |
_928846 _aestudio de casos |
|
| 653 | 1 | 0 | _aTransporte-Comunicaciones |
| 700 | 1 |
_940199 _aZivic, Natasa |
|
| 700 | 1 |
_940200 _aKos, Andrej |
|
| 902 | _aLIB Libro | ||
| 942 |
_2CES _cBK _h5.2. |
||
| 999 |
_c52127 _d52127 |
||